[Event "26. Copenhagen Open  (Politiken Cup)"]
[Site "Taastrup"]
[Date "2004.07.27"]
[Round "5"]
[White "Barr, Steven"]
[Black "Nielsen, Jens Holm"]
[Result "0-1"]
[WhiteElo "1712"]
[BlackElo "2068"]
[PlyCount "53"]
[EventDate "2004.07.24"]
[EventType "swiss"]
[EventRounds "10"]
[EventCountry "DEN"]
[SourceDate "2004.01.01"]

1. d4 d5 2. c4 dxc4 3. e4 e5 4. Nf3 exd4 5. Bxc4 Bb4+ 6. Nbd2 Nc6 7. Qb3 Qe7 8.
O-O Nh6 9. a3 Bc5 10. e5 O-O 11. Ne4 Nxe5 12. Bg5 Nxf3+ 13. Qxf3 Qe5 14. Bf4
Qf5 15. Bxh6 Qxf3 16. gxf3 gxh6 17. Nxc5 Bh3 18. Rfe1 b6 19. Nd3 Kh8 20. Nf4
Bf5 21. Re7 c5 22. a4 Rad8 23. Kf1 d3 24. Nd5 Be6 25. Ne3 Bh3+ 26. Ke1 d2+ 27.
Ke2 0-1

[Event "26. Copenhagen Open  (Politiken Cup)"]
[Site "Taastrup"]
[Date "2004.07.27"]
[Round "5"]
[White "Bering, Anders"]
[Black "Rohrmueller, Ulrich"]
[Result "0-1"]
[WhiteElo "2084"]
[BlackElo "2260"]
[PlyCount "84"]
[EventDate "2004.07.24"]
[EventType "swiss"]
[EventRounds "10"]
[EventCountry "DEN"]
[SourceDate "2004.01.01"]

1. e4 e6 2. d4 d5 3. Nc3 Bb4 4. e5 c5 5. a3 Bxc3+ 6. bxc3 Qc7 7. Nf3 b6 8. a4
Ba6 9. Bxa6 Nxa6 10. O-O Ne7 11. Qd3 Nb8 12. Qb5+ Nd7 13. Ba3 O-O 14. c4 Rfc8
15. Rfe1 dxc4 16. dxc5 Nxc5 17. Qxc4 Nf5 18. Rad1 h5 19. Nd4 Nxd4 20. Rxd4 Nb7
21. Qe2 Qc3 22. Rd7 Nc5 23. Bxc5 Rxc5 24. Qe4 Rd5 25. Rxd5 exd5 26. Qe2 Re8 27.
f4 Qd4+ 28. Kh1 Qxf4 29. Qxh5 g6 30. Qf3 Rxe5 31. Qc3 Rxe1+ 32. Qxe1 Qxa4 33.
h3 Qxc2 34. Qe8+ Kg7 35. Qe5+ Kh7 36. Qxd5 Qc1+ 37. Kh2 Qf4+ 38. Kh1 a5 39. Qb3
Qf1+ 40. Kh2 b5 41. g4 Qf2+ 42. Kh1 b4 0-1

[Event "26. Copenhagen Open  (Politiken Cup)"]
[Site "Taastrup"]
[Date "2004.07.27"]
[Round "5"]
[White "Bjerke, Richard"]
[Black "Jorgensen, Gert"]
[Result "1/2-1/2"]
[WhiteElo "2232"]
[BlackElo "2087"]
[PlyCount "47"]
[EventDate "2004.07.24"]
[EventType "swiss"]
[EventRounds "10"]
[EventCountry "DEN"]
[SourceDate "2004.01.01"]

1. e4 d5 2. exd5 Qxd5 3. Nc3 Qa5 4. d4 c6 5. Bc4 Nf6 6. Nf3 Bg4 7. h3 Bxf3 8.
Qxf3 e6 9. O-O Bd6 10. a3 O-O 11. Re1 Nbd7 12. Ba2 Rad8 13. Bf4 Bxf4 14. Qxf4
Nd5 15. Nxd5 cxd5 16. h4 Rc8 17. Bb3 Qc7 18. Qf3 Qd8 19. g3 Qf6 20. Qd3 Qg6 21.
Qe2 Nf6 22. Qe5 Ne4 23. Rad1 Qf6 24. Qxf6 1/2-1/2

[Event "26. Copenhagen Open  (Politiken Cup)"]
[Site "Taastrup"]
[Date "2004.07.27"]
[Round "5"]
[White "Bjerke, Silje"]
[Black "Moen, Andreas"]
[Result "0-1"]
[WhiteElo "2094"]
[BlackElo "2267"]
[PlyCount "70"]
[EventDate "2004.07.24"]
[EventType "swiss"]
[EventRounds "10"]
[EventCountry "DEN"]
[SourceDate "2004.01.01"]

1. d4 Nf6 2. c4 e6 3. Nc3 Bb4 4. Qc2 d5 5. cxd5 exd5 6. Bg5 h6 7. Bh4 g5 8. Bg3
c5 9. dxc5 Ne4 10. e3 Qa5 11. Nge2 Bf5 12. Be5 O-O 13. Nd4 Nd7 14. Nxf5 Nxe5
15. Ne7+ Kg7 16. Nexd5 Bxc3+ 17. Nxc3 Nxc3 18. bxc3 Rac8 19. h4 Rxc5 20. Rc1
Rfc8 21. Kd2 Rxc3 22. Qxc3 Rxc3 23. Rxc3 Qxa2+ 24. Rc2 Qa5+ 25. Kd1 b5 26. Be2
b4 27. hxg5 b3 28. gxh6+ Kh7 29. Rc1 b2 30. Rb1 Qc3 31. Rh4 Nd3 32. Bf3 Qc1+
33. Rxc1 bxc1=Q+ 34. Ke2 Qc2+ 35. Kf1 Qxf2# 0-1

[Event "26. Copenhagen Open  (Politiken Cup)"]
[Site "Taastrup"]
[Date "2004.07.27"]
[Round "5"]
[White "Bjornsson, Sigurbjorn"]
[Black "Nolsoe, Eydun"]
[Result "1/2-1/2"]
[WhiteElo "2315"]
[BlackElo "2212"]
[PlyCount "135"]
[EventDate "2004.07.24"]
[EventType "swiss"]
[EventRounds "10"]
[EventCountry "DEN"]
[SourceDate "2004.01.01"]

1. e4 c5 2. Nf3 e6 3. d4 cxd4 4. Nxd4 a6 5. c4 Nf6 6. Nc3 Qc7 7. a3 b6 8. Be3
Bb7 9. f3 Be7 10. Rc1 O-O 11. Be2 Re8 12. Qd2 d6 13. O-O Nbd7 14. Kh1 Rac8 15.
b4 Qb8 16. Rc2 Bf8 17. Rb1 Ne5 18. Na4 Nxe4 19. fxe4 Bxe4 20. b5 Bxc2 21. Nxc2
axb5 22. cxb5 Nd7 23. Nb4 Qa7 24. Bd1 Nc5 25. Bxc5 dxc5 26. Nc6 Qc7 27. Bc2 e5
28. Qd5 Re6 29. Qe4 g6 30. Bb3 Rxc6 31. bxc6 b5 32. Nc3 c4 33. Nxb5 Qxc6 34.
Qxc6 Rxc6 35. Rc1 c3 36. Rf1 c2 37. Rc1 Bxa3 38. Nxa3 Rc3 39. Bxf7+ Kxf7 40.
Nxc2 Kg7 41. Kg1 e4 42. Kf2 e3+ 43. Kf3 h5 44. h3 Kh6 45. Ke2 h4 46. Kf3 Kg5
47. g4 Kf6 48. g5+ Kg7 49. Ke4 e2 50. Kf4 Rxc2 51. Re1 Kf7 52. Kg4 Ke6 53. Kxh4
Kf5 54. Kg3 Kxg5 55. Rg1 Kf5 56. Kf2 g5 57. Rg3 Ra2 58. Re3 e1=Q+ 59. Kxe1 Kf4
60. Rb3 Rg2 61. Kf1 Rg3 62. Rb4+ Kf5 63. h4 g4 64. h5 Rh3 65. Kg2 Kg5 66. Rb5+
Kh6 67. Ra5 Rxh5 68. Rxh5+ 1/2-1/2

[Event "26. Copenhagen Open  (Politiken Cup)"]
[Site "Taastrup"]
[Date "2004.07.27"]
[Round "5"]
[White "Bleis, Christian"]
[Black "Olsen, Aage Dalstrup"]
[Result "1-0"]
[WhiteElo "2261"]
[BlackElo "2098"]
[PlyCount "65"]
[EventDate "2004.07.24"]
[EventType "swiss"]
[EventRounds "10"]
[EventCountry "DEN"]
[SourceDate "2004.01.01"]

1. d4 Nf6 2. Bg5 c6 3. c3 d5 4. Nd2 Bf5 5. Qb3 Qb6 6. Bxf6 gxf6 7. Qxb6 axb6 8.
Ngf3 Nd7 9. Nh4 Bc2 10. a3 e5 11. e3 Bd6 12. Rc1 Bg6 13. g3 b5 14. f4 exf4 15.
exf4 h6 16. Kf2 O-O-O 17. Bh3 Be4 18. Nxe4 dxe4 19. Rhe1 Rhe8 20. Re3 Kc7 21.
Bxd7 Rxd7 22. Rce1 Rde7 23. Nf5 Re6 24. Ng7 f5 25. Nxf5 Bf8 26. g4 Kd7 27. Kg3
Kc7 28. h4 h5 29. g5 b6 30. Kg2 Kd8 31. R1e2 Kd7 32. Ng3 Bd6 33. f5 1-0

[Event "26. Copenhagen Open  (Politiken Cup)"]
[Site "Taastrup"]
[Date "2004.07.27"]
[Round "5"]
[White "Bogdanov, Dimitri"]
[Black "Aandal, Kristian"]
[Result "1-0"]
[WhiteElo "2129"]
[BlackElo "1927"]
[PlyCount "139"]
[EventDate "2004.07.24"]
[EventType "swiss"]
[EventRounds "10"]
[EventCountry "DEN"]
[SourceDate "2004.01.01"]

1. e4 c5 2. Nc3 Nc6 3. f4 g6 4. Nf3 Bg7 5. Bb5 Nd4 6. O-O Nxb5 7. Nxb5 d5 8. d3
Bd7 9. Nc3 Bxc3 10. bxc3 dxe4 11. dxe4 Bb5 12. Re1 Qxd1 13. Rxd1 Be2 14. Rd2
Bxf3 15. gxf3 Rd8 16. Rd3 Nf6 17. Be3 b6 18. a4 O-O 19. a5 e6 20. axb6 axb6 21.
Rb1 Rb8 22. Rd6 Rfd8 23. Rbxb6 Rbc8 24. Rbc6 Rxc6 25. Rxc6 Nh5 26. Rxc5 Kf8 27.
Rc7 Ke8 28. Kf2 Rd7 29. Rc8+ Rd8 30. Rxd8+ Kxd8 31. Bb6+ Kd7 32. Ke3 Kd6 33.
Bd4 Kc6 34. c4 Kd6 35. c5+ Kc6 36. c4 Kd7 37. Be5 Kc6 38. Kd4 f6 39. Bd6 Ng7
40. Be7 Nh5 41. Ke3 Kd7 42. Bf8 Kc6 43. Bh6 Kxc5 44. Kd3 e5 45. fxe5 fxe5 46.
Bg5 Kd6 47. Kc3 Ng7 48. Kb4 Ne6 49. Be3 Kc6 50. Kc3 Kd6 51. Kd3 Kc6 52. Ke2 Kd6
53. Kf2 h5 54. Ba7 Nf4 55. Kg3 Ke6 56. Bb8 Ne2+ 57. Kf2 Nf4 58. Ke3 Ng2+ 59.
Kd2 Nh4 60. Ke2 Ng2 61. c5 Nf4+ 62. Kd2 Nh3 63. c6 Ng5 64. Ke3 Nf7 65. h4 Ke7
66. f4 exf4+ 67. Bxf4 Ke6 68. e5 Ke7 69. c7 Kd7 70. e6+ 1-0

[Event "26. Copenhagen Open  (Politiken Cup)"]
[Site "Taastrup"]
[Date "2004.07.27"]
[Round "5"]
[White "Brorsen, Jacob Abildlund"]
[Black "Fant, Goran"]
[Result "0-1"]
[WhiteElo "1530"]
[BlackElo "1997"]
[PlyCount "168"]
[EventDate "2004.07.24"]
[EventType "swiss"]
[EventRounds "10"]
[EventCountry "DEN"]
[SourceDate "2004.01.01"]

1. f4 d5 2. Nf3 e6 3. g3 Nf6 4. Bg2 Bc5 5. d4 Bb6 6. c3 c5 7. O-O Nc6 8. e3 O-O
9. Re1 h6 10. b3 Re8 11. Ne5 Ne7 12. Ba3 Qc7 13. Nd2 Bd7 14. Rc1 Rac8 15. Qf3
Qb8 16. g4 Ng6 17. Qg3 Nxe5 18. fxe5 Nh7 19. Nf3 f6 20. h4 Bc7 21. Bxc5 fxe5
22. dxe5 Bxe5 23. Qxe5 Rxc5 24. Qxb8 Rxb8 25. Ne5 Be8 26. Kh2 Rbc8 27. c4 b5
28. Nd3 R5c7 29. cxd5 Rc2 30. Kg3 Bg6 31. Rxc2 Rxc2 32. Nf4 Be8 33. Re2 Rxe2
34. Nxe2 e5 35. Nc1 Bg6 36. Ne2 b4 37. Kf2 Bb1 38. Nc1 Nf6 39. Bf3 e4 40. Be2
Kf8 41. d6 Nd5 42. Bc4 Nc3 43. Kg3 g5 44. hxg5 hxg5 45. Kf2 Ke8 46. Be6 Kd8 47.
Ke1 a5 48. Kd2 Nb5 49. d7 Nc7 50. Bf5 Nd5 51. Ne2 Nf6 52. Kc1 Bd3 53. Nd4 Nxd7
54. Ne6+ Ke7 55. Nxg5 Nc5 56. Nh3 Kf6 57. Nf2 Ke5 58. Nxd3+ Nxd3+ 59. Kd2 Nf2
60. Ke2 Nh3 61. Kd1 Ng1 62. Ke1 Nf3+ 63. Kf2 Nd2 64. Bh7 Nb1 65. g5 Nc3 66. g6
Kf6 67. Ke1 Kg7 68. Kd2 Nxa2 69. Kc2 Nc3 70. Kd2 Nd5 71. Ke2 Nf6 72. Ke1 Nd7
73. Kd2 Ne5 74. Ke2 Nxg6 75. Bxg6 Kxg6 76. Ke1 Kg5 77. Kd2 Kg4 78. Ke2 Kg3 79.
Ke1 Kf3 80. Kd2 Kf2 81. Kd1 Kxe3 82. Ke1 Kd3 83. Kd1 e3 84. Ke1 e2 0-1

[Event "26. Copenhagen Open  (Politiken Cup)"]
[Site "Taastrup"]
[Date "2004.07.27"]
[Round "5"]
[White "Buchkremer, Felix"]
[Black "Borchgrevink, Harald"]
[Result "0-1"]
[WhiteElo "2046"]
[BlackElo "2227"]
[PlyCount "86"]
[EventDate "2004.07.24"]
[EventType "swiss"]
[EventRounds "10"]
[EventCountry "DEN"]
[SourceDate "2004.01.01"]

1. e4 c5 2. c3 d6 3. d4 Nf6 4. Bd3 g6 5. dxc5 dxc5 6. e5 Nh5 7. f4 Ng7 8. Qf3
Qc7 9. Nd2 h5 10. Ne4 Bf5 11. Ne2 Nd7 12. O-O Ne6 13. Be3 Bg7 14. Bb5 O-O 15.
N2g3 Bg4 16. Qf2 h4 17. Ne2 h3 18. gxh3 Bxh3 19. Rfd1 Rfd8 20. Qh4 Bf5 21. N2g3
a6 22. Bxd7 Rxd7 23. Rxd7 Qxd7 24. Nxf5 gxf5 25. Nxc5 Qd5 26. Nxe6 Qxe6 27. Qg3
Kh7 28. Kf2 Bh6 29. Qh3 Rg8 30. Rg1 Rg4 31. Qh5 Rxg1 32. Kxg1 Kg7 33. a3 Kf8
34. Qd1 f6 35. Qd8+ Kf7 36. Qh8 fxe5 37. Qh7+ Ke8 38. Qh8+ Kf7 39. Qh7+ Ke8 40.
Qh8+ Kd7 41. Kf2 exf4 42. Qd4+ Qd6 43. Bd2 e5 0-1

[Event "26. Copenhagen Open  (Politiken Cup)"]
[Site "Taastrup"]
[Date "2004.07.27"]
[Round "5"]
[White "Carlstedt, Jonathan"]
[Black "Korolev, Nikolaj"]
[Result "1/2-1/2"]
[WhiteElo "1774"]
[BlackElo "2148"]
[PlyCount "75"]
[EventDate "2004.07.24"]
[EventType "swiss"]
[EventRounds "10"]
[EventCountry "DEN"]
[SourceDate "2004.01.01"]

1. c4 e5 2. Nc3 Nc6 3. g3 g6 4. Bg2 Bg7 5. e3 Nge7 6. Nge2 O-O 7. O-O d6 8. a3
a5 9. b3 Be6 10. d4 exd4 11. exd4 d5 12. Be3 Qd7 13. Rc1 Rad8 14. Na4 b6 15. c5
b5 16. Nb2 Bg4 17. f3 Bh3 18. g4 Bxg2 19. Kxg2 f5 20. h3 Rf7 21. Qd2 Rdf8 22.
Rce1 fxg4 23. fxg4 h5 24. Rxf7 Rxf7 25. gxh5 Nf5 26. Bf2 Bh6 27. Qd3 gxh5 28.
Rg1 Rg7+ 29. Kf1 Rxg1+ 30. Kxg1 Qg7+ 31. Kf1 Qf6 32. Ke1 b4 33. a4 Bg7 34. Qf3
Qe6 35. Qxh5 Ncxd4 36. Bxd4 Nxd4 37. Nd3 Qe3 38. Qxd5+ 1/2-1/2

[Event "26. Copenhagen Open  (Politiken Cup)"]
[Site "Taastrup"]
[Date "2004.07.27"]
[Round "5"]
[White "Christensen, Aage Niels"]
[Black "Forsaa, Espen"]
[Result "0-1"]
[WhiteElo "1554"]
[BlackElo "2027"]
[PlyCount "64"]
[EventDate "2004.07.24"]
[EventType "swiss"]
[EventRounds "10"]
[EventCountry "DEN"]
[SourceDate "2004.01.01"]

1. d4 f5 2. Nf3 Nf6 3. g3 g6 4. Bg2 Bg7 5. O-O O-O 6. c4 d6 7. Nc3 Qe8 8. Rb1
e5 9. d5 h6 10. e3 g5 11. b4 Nh5 12. Ne2 f4 13. exf4 gxf4 14. gxf4 Qg6 15. Rb3
exf4 16. Ned4 Bg4 17. Re1 Na6 18. Qd3 Qxd3 19. Rxd3 Bxf3 20. Bxf3 Nxb4 21. Rd2
Bxd4 22. Rxd4 Nc2 23. Bxh5 Nxe1 24. Bg4 Rae8 25. Rd1 Nc2 26. Be6+ Kh7 27. Bb2
Nb4 28. Kh1 f3 29. Rg1 Re7 30. Bd4 Nd3 31. Be3 Nf4 32. Bg4 Ng2 0-1

[Event "26. Copenhagen Open  (Politiken Cup)"]
[Site "Taastrup"]
[Date "2004.07.27"]
[Round "5"]
[White "Danielsen, Dag"]
[Black "Jorgensen, Dennis"]
[Result "0-1"]
[WhiteElo "1905"]
[BlackElo "2180"]
[PlyCount "88"]
[EventDate "2004.07.24"]
[EventType "swiss"]
[EventRounds "10"]
[EventCountry "DEN"]
[SourceDate "2004.01.01"]

1. d4 d5 2. c4 e5 3. dxe5 d4 4. Nf3 Nc6 5. g3 Bg4 6. Bg2 Qd7 7. O-O O-O-O 8.
Qa4 Kb8 9. Na3 Bxf3 10. Bxf3 Nxe5 11. Qb3 Nxf3+ 12. Qxf3 f6 13. Rd1 Ne7 14. Nb5
Nc6 15. Bf4 Ne5 16. Qe4 Bc5 17. Bxe5 fxe5 18. Qxe5 Bb6 19. b4 Rhe8 20. Qh5 a6
21. a4 Qe7 22. c5 axb5 23. cxb6 cxb6 24. Qxb5 Qxe2 25. Qxb6 Rf8 26. Rf1 Rd7 27.
Rae1 Qc4 28. Rc1 Qe2 29. Qc5 Re8 30. Rc2 Qe4 31. b5 d3 32. Rc4 Qe2 33. b6 d2
34. Qa5 Qxf1+ 35. Kxf1 d1=Q+ 36. Kg2 Qd5+ 37. Qxd5 Rxd5 38. Rc7 Rg8 39. h4 Ra5
40. Rc4 Rc8 41. Re4 Ra6 42. Re6 Rxa4 43. h5 Rac4 44. Re7 Rg8 0-1

[Event "26. Copenhagen Open  (Politiken Cup)"]
[Site "Taastrup"]
[Date "2004.07.27"]
[Round "5"]
[White "Danielsen, Magnus"]
[Black "Thorgeirsson, Sverrir"]
[Result "0-1"]
[WhiteElo "1928"]
[BlackElo "1360"]
[PlyCount "62"]
[EventDate "2004.07.24"]
[EventType "swiss"]
[EventRounds "10"]
[EventCountry "DEN"]
[SourceDate "2004.01.01"]

1. e4 e6 2. d4 d5 3. Nc3 Nf6 4. Bg5 Be7 5. e5 Nfd7 6. h4 Bxg5 7. hxg5 Qxg5 8.
Qd3 a6 9. Rxh7 Rxh7 10. Qxh7 Qh6 11. Qxh6 gxh6 12. Nf3 c5 13. Ne2 Nc6 14. c3
cxd4 15. cxd4 b5 16. Kd2 Bb7 17. Nf4 Kf8 18. Be2 Ne7 19. Bd3 Kg7 20. Rh1 Rh8
21. Nh5+ Kf8 22. Rc1 Bc6 23. Nf6 Nb8 24. g3 Ng8 25. Ke3 Ke7 26. Nxg8+ Rxg8 27.
Rh1 Rh8 28. Nd2 Nd7 29. Nb3 Bb7 30. Nc5 Nxc5 31. dxc5 d4+ 0-1

[Event "26. Copenhagen Open  (Politiken Cup)"]
[Site "Taastrup"]
[Date "2004.07.27"]
[Round "5"]
[White "Dannevig, Oystein"]
[Black "Engelbert, Christoph"]
[Result "0-1"]
[WhiteElo "2363"]
[BlackElo "2213"]
[PlyCount "104"]
[EventDate "2004.07.24"]
[EventType "swiss"]
[EventRounds "10"]
[EventCountry "DEN"]
[SourceDate "2004.01.01"]

1. e4 g6 2. d4 Bg7 3. Nf3 d6 4. Be2 Nf6 5. Nc3 O-O 6. O-O Bg4 7. Be3 Nc6 8. d5
Bxf3 9. Bxf3 Ne5 10. Be2 c6 11. f4 Ned7 12. dxc6 bxc6 13. Qd3 Qa5 14. a3 Rab8
15. Rab1 Rfd8 16. Bf3 Ne8 17. b4 Qc7 18. a4 e6 19. Ne2 d5 20. e5 Bf8 21. c3 c5
22. Rfc1 Nb6 23. a5 Nc4 24. Bd2 Rb7 25. h4 Rdb8 26. h5 cxb4 27. cxb4 Bxb4 28.
Bxb4 Rxb4 29. hxg6 hxg6 30. Rxb4 Rxb4 31. Kh2 Ng7 32. Nd4 Rb2 33. a6 Qb6 34.
Qc3 Rd2 35. Rd1 Ra2 36. Be2 Qb2 37. Qh3 Nd2 38. Nc6 Nf5 39. Bd3 Qc3 40. Nxa7
Qd4 41. Nc6 Qxf4+ 42. Kg1 Qa4 43. Rc1 Qa3 44. Ne7+ Nxe7 45. Rc7 Qb4 46. Kh2
Qf4+ 47. Qg3 Nf3+ 48. Kh3 Qh6+ 49. Kg4 Qh5+ 50. Kf4 Nxe5 51. Rxe7 Nxd3+ 52.
Qxd3 Qh4+ 0-1

[Event "26. Copenhagen Open  (Politiken Cup)"]
[Site "Taastrup"]
[Date "2004.07.27"]
[Round "5"]
[White "Dignam, Matthew"]
[Black "Hyldkrog, Lars"]
[Result "1-0"]
[WhiteElo "2144"]
[BlackElo "2080"]
[PlyCount "61"]
[EventDate "2004.07.24"]
[EventType "swiss"]
[EventRounds "10"]
[EventCountry "DEN"]
[SourceDate "2004.01.01"]

1. e4 e6 2. d4 d5 3. Nc3 Bb4 4. e5 c5 5. a3 Bxc3+ 6. bxc3 Qc7 7. Nf3 Ne7 8. h4
Bd7 9. h5 h6 10. Bd3 Ba4 11. Bd2 Nbc6 12. Rb1 a6 13. Rh4 O-O-O 14. dxc5 Bb5 15.
Bxb5 axb5 16. Rxb5 Nxe5 17. Rhb4 N7c6 18. Rxb7 Nxf3+ 19. Qxf3 Qe5+ 20. Kf1 Nxb4
21. Rxb4 Qc7 22. Bf4 e5 23. c6 f5 24. Qd3 Qxc6 25. Qxf5+ Rd7 26. Bxe5 Qa6+ 27.
Kg1 Kd8 28. Rb8+ Ke7 29. Rxh8 Rb7 30. Qf8+ Ke6 31. Rxh6+ 1-0

[Event "26. Copenhagen Open  (Politiken Cup)"]
[Site "Taastrup"]
[Date "2004.07.27"]
[Round "5"]
[White "Edvardsson, Hannu Kalervo"]
[Black "Jensen, Jannick"]
[Result "0-1"]
[WhiteElo "1289"]
[BlackElo "1994"]
[PlyCount "58"]
[EventDate "2004.07.24"]
[EventType "swiss"]
[EventRounds "10"]
[EventCountry "DEN"]
[SourceDate "2004.01.01"]

1. e4 c5 2. c4 e6 3. Nf3 Nc6 4. Be2 g6 5. O-O Bg7 6. Qc2 Nge7 7. a3 O-O 8. d3
d6 9. Bd2 f5 10. exf5 Nxf5 11. Bc3 Ncd4 12. Nxd4 Nxd4 13. Bxd4 Bxd4 14. Nd2 Qf6
15. Ne4 Qe5 16. Rab1 Bd7 17. Bf3 d5 18. cxd5 exd5 19. Nd2 Qg5 20. Kh1 Bc6 21.
Nb3 Be5 22. Nxc5 Rxf3 23. g3 Qf5 24. Kg1 Rc8 25. Qd2 b6 26. Nb3 Rxd3 27. Qb4 d4
28. f4 Qe4 29. Rf2 Qh1# 0-1

[Event "26. Copenhagen Open  (Politiken Cup)"]
[Site "Taastrup"]
[Date "2004.07.27"]
[Round "5"]
[White "Frisk, Ellinor"]
[Black "Lund-Petersen, Rasmus"]
[Result "1/2-1/2"]
[WhiteElo "2007"]
[BlackElo "1678"]
[PlyCount "81"]
[EventDate "2004.07.24"]
[EventType "swiss"]
[EventRounds "10"]
[EventCountry "DEN"]
[SourceDate "2004.01.01"]

1. e4 e5 2. Nf3 Nf6 3. Nxe5 d6 4. Nf3 Nxe4 5. d4 d5 6. Bd3 Nc6 7. O-O Be7 8. h3
O-O 9. c3 Be6 10. Nbd2 f5 11. Ne5 Nxe5 12. dxe5 Bc5 13. Nb3 Bb6 14. Nd4 Qe7 15.
Bf4 c6 16. Qe2 Rae8 17. Rad1 Bc7 18. Bh2 Nc5 19. f4 Bb6 20. Kh1 Nxd3 21. Qxd3
Bxd4 22. cxd4 Rc8 23. Rc1 c5 24. dxc5 Rxc5 25. Bg1 Rxc1 26. Rxc1 a6 27. b3 Qd7
28. Kh2 Rc8 29. Rxc8+ Qxc8 30. Qd2 Qc6 31. a4 b5 32. axb5 Qxb5 33. Qc3 Kf7 34.
Qc7+ Qd7 35. Qc5 Qb5 36. Qa7+ Kg6 37. Qe7 Qd7 38. Qg5+ Kf7 39. Bc5 d4 40. b4 d3
41. Qh5+ 1/2-1/2

[Event "26. Copenhagen Open  (Politiken Cup)"]
[Site "Taastrup"]
[Date "2004.07.27"]
[Round "5"]
[White "Frisk, Hans"]
[Black "Erikstad, Olav"]
[Result "1-0"]
[WhiteElo "1960"]
[BlackElo "1503"]
[PlyCount "89"]
[EventDate "2004.07.24"]
[EventType "swiss"]
[EventRounds "10"]
[EventCountry "DEN"]
[SourceDate "2004.01.01"]

1. e4 c6 2. d4 d5 3. e5 Bf5 4. h4 h5 5. c4 e6 6. Nc3 Nd7 7. cxd5 exd5 8. Bg5
Qb6 9. Qd2 Ne7 10. Na4 Qc7 11. b4 Ng6 12. a3 Be7 13. Bxe7 Nxe7 14. Nf3 Bg4 15.
Rc1 Bxf3 16. gxf3 Qd8 17. Bd3 Rh6 18. Rg1 Kf8 19. Qg5 Ng6 20. Qxd8+ Rxd8 21.
Bxg6 Rxg6 22. Rxg6 fxg6 23. Nc5 Nxc5 24. Rxc5 Rd7 25. Ke2 Ke7 26. f4 Ke6 27.
Ke3 Rf7 28. Rc1 Re7 29. Rg1 Kf7 30. Rg5 Re6 31. f5 gxf5 32. Rxf5+ Kg6 33. Rg5+
Kh6 34. f4 g6 35. f5 gxf5 36. Kf4 Rg6 37. Kxf5 Rxg5+ 38. hxg5+ Kg7 39. g6 h4
40. e6 Kf8 41. Kf6 h3 42. g7+ Kg8 43. e7 h2 44. e8=Q+ Kh7 45. Qh8# 1-0

[Event "26. Copenhagen Open  (Politiken Cup)"]
[Site "Taastrup"]
[Date "2004.07.27"]
[Round "5"]
[White "Gaspariants, Garry"]
[Black "Preuss, Flemming"]
[Result "1/2-1/2"]
[WhiteElo "2293"]
[BlackElo "2044"]
[PlyCount "43"]
[EventDate "2004.07.24"]
[EventType "swiss"]
[EventRounds "10"]
[EventCountry "DEN"]
[SourceDate "2004.01.01"]

1. e4 e5 2. Nf3 d6 3. d4 Nf6 4. Nc3 Nbd7 5. Be2 Be7 6. O-O O-O 7. h3 c6 8. a4
b6 9. Be3 Bb7 10. Nd2 Qc7 11. f4 a6 12. g4 exd4 13. Bxd4 d5 14. e5 Ne4 15.
Ndxe4 dxe4 16. Bf2 Rad8 17. Qe1 Nc5 18. Be3 a5 19. Qg3 Bc8 20. Rad1 f6 21. Rxd8
Rxd8 22. Bc4+ 1/2-1/2

[Event "26. Copenhagen Open  (Politiken Cup)"]
[Site "Taastrup"]
[Date "2004.07.27"]
[Round "5"]
[White "Gerstoft, Philip"]
[Black "Roder, Peter"]
[Result "0-1"]
[WhiteElo "1285"]
[BlackElo "2166"]
[PlyCount "36"]
[EventDate "2004.07.24"]
[EventType "swiss"]
[EventRounds "10"]
[EventCountry "DEN"]
[SourceDate "2004.01.01"]

1. e4 c5 2. Nc3 Nc6 3. f4 e6 4. Bc4 a6 5. a4 Nge7 6. e5 Ng6 7. Nge2 d5 8. exd6
Bxd6 9. O-O O-O 10. d3 b6 11. Be3 Bb7 12. Ne4 Bb8 13. f5 exf5 14. Rxf5 Nce5 15.
N2g3 Nxc4 16. Bg5 Qd4+ 17. Kh1 Bxe4 18. Nxe4 Ne3 0-1

[Event "26. Copenhagen Open  (Politiken Cup)"]
[Site "Taastrup"]
[Date "2004.07.27"]
[Round "5"]
[White "Gullaksen, Eirik T"]
[Black "Sadvakasov, Darmen"]
[Result "1/2-1/2"]
[WhiteElo "2390"]
[BlackElo "2626"]
[PlyCount "68"]
[EventDate "2004.07.24"]
[EventType "swiss"]
[EventRounds "10"]
[EventCountry "DEN"]
[SourceDate "2004.01.01"]

1. e4 c5 2. Nf3 d6 3. d4 Nf6 4. Nc3 cxd4 5. Nxd4 a6 6. Bc4 e6 7. O-O Be7 8. a3
O-O 9. Ba2 Nc6 10. Kh1 Qc7 11. f4 Rd8 12. f5 Nxd4 13. Qxd4 Qc5 14. Qd3 d5 15.
exd5 exd5 16. Be3 d4 17. Rad1 dxe3 18. Qxd8+ Bxd8 19. Rxd8+ Qf8 20. Rxf8+ Kxf8
21. Rf3 Bd7 22. Rxe3 Bxf5 23. Re2 Re8 24. Rxe8+ Kxe8 25. Nd5 Ng4 26. c4 Nf2+
27. Kg1 Nd1 28. b4 Be6 29. Nc7+ Kd7 30. Nxe6 fxe6 31. Bb3 Nc3 32. Bc2 h6 33.
Kf2 b5 34. cxb5 Nxb5 1/2-1/2

[Event "26. Copenhagen Open  (Politiken Cup)"]
[Site "Taastrup"]
[Date "2004.07.27"]
[Round "5"]
[White "Gvein, Kenneth"]
[Black "Hartvig, Ove Weiss"]
[Result "1/2-1/2"]
[WhiteElo "2102"]
[BlackElo "2270"]
[PlyCount "63"]
[EventDate "2004.07.24"]
[EventType "swiss"]
[EventRounds "10"]
[EventCountry "DEN"]
[SourceDate "2004.01.01"]

1. c4 e5 2. g3 Nc6 3. Bg2 g6 4. Nc3 Bg7 5. e4 d6 6. Nge2 f5 7. d3 Nh6 8. h4 Be6
9. Bg5 Qd7 10. Nd5 Ng8 11. Bh3 Nce7 12. Nec3 c6 13. Nxe7 Nxe7 14. h5 Rf8 15.
hxg6 hxg6 16. Qe2 O-O-O 17. O-O-O d5 18. exd5 cxd5 19. Bg2 d4 20. Nb5 a6 21.
Rh7 Rf7 22. Rxg7 Rxg7 23. Qxe5 axb5 24. Qxg7 Nc6 25. Qxd7+ Rxd7 26. cxb5 Nb4
27. b6 Nxa2+ 28. Kd2 Rd6 29. Rh1 Rxb6 30. Rh8+ Kd7 31. Rh7+ Kc8 32. Rh8+
1/2-1/2

[Event "26. Copenhagen Open  (Politiken Cup)"]
[Site "Taastrup"]
[Date "2004.07.27"]
[Round "5"]
[White "Hammer, Jon Ludvig"]
[Black "Larsen, Karsten"]
[Result "1-0"]
[WhiteElo "2095"]
[BlackElo "2302"]
[PlyCount "79"]
[EventDate "2004.07.24"]
[EventType "swiss"]
[EventRounds "10"]
[EventCountry "DEN"]
[SourceDate "2004.01.01"]

1. e4 c5 2. Nf3 d6 3. c3 Nf6 4. g3 Nc6 5. Qe2 g6 6. Bg2 Bg7 7. O-O O-O 8. Rd1
Qc7 9. h3 b6 10. d4 cxd4 11. cxd4 e6 12. Nc3 Bb7 13. Bg5 Ne7 14. Bxf6 Bxf6 15.
e5 dxe5 16. dxe5 Bg7 17. Rac1 Rac8 18. Kh2 Rfd8 19. Nd5 Qxc1 20. Nxe7+ Kf8 21.
Rxc1 Rxc1 22. Ng5 Bxg2 23. Kxg2 Kxe7 24. Qf3 f6 25. Qa3+ Rc5 26. Ne4 Rd7 27.
Nxc5 bxc5 28. Qxc5+ Kf7 29. Qc6 Re7 30. b4 fxe5 31. a4 e4 32. a5 Bd4 33. Qxe4
e5 34. f4 Ke6 35. fxe5 Bxe5 36. b5 Rd7 37. b6 axb6 38. a6 b5 39. Qc6+ Rd6 40.
Qxd6+ 1-0

[Event "26. Copenhagen Open  (Politiken Cup)"]
[Site "Taastrup"]
[Date "2004.07.27"]
[Round "5"]
[White "Hansen, Curt"]
[Black "Fries Nielsen, Jens Ove"]
[Result "1-0"]
[WhiteElo "2635"]
[BlackElo "2398"]
[PlyCount "57"]
[EventDate "2004.07.24"]
[EventType "swiss"]
[EventRounds "10"]
[EventCountry "DEN"]
[SourceDate "2004.01.01"]

1. d4 Nf6 2. Nf3 b6 3. c4 Bb7 4. Nc3 e6 5. a3 Bxf3 6. gxf3 Be7 7. e4 O-O 8. f4
Ne8 9. Be3 c5 10. d5 Nd6 11. Qf3 exd5 12. cxd5 Ne8 13. d6 Bh4 14. e5 Nc6 15.
Qh3 g6 16. Rg1 Ng7 17. Rg4 Nf5 18. O-O-O h5 19. Rg2 Kh8 20. Bd3 Ncd4 21. Rdg1
Rg8 22. Kb1 b5 23. Bxd4 Nxd4 24. f5 g5 25. f6 Ne6 26. Qf3 g4 27. Qf5 Ng5 28.
Rxg4 hxg4 29. Rxg4 1-0